| 000 | 01279nam a2200373 i 4500 | ||
|---|---|---|---|
| 001 | 197030 | ||
| 003 | SpMaBN | ||
| 005 | 20250718173254.0 | ||
| 007 | ta | ||
| 008 | 250314s2024 sp | |||| 000 p spa | ||
| 015 | _aMON24 | ||
| 017 |
_aM 1158-2024 _bOficina Depósito Legal Madrid |
||
| 020 |
_a9788432166730 _qedición impresa |
||
| 020 |
_z978-84-321-6674-7 _qedición digital |
||
| 035 | _a(SpMaBN)a7466213 | ||
| 040 |
_aSpMaBN _bspa _cSpMaBN _erda _dES-MaACL |
||
| 080 | _a821.134.2-1"20" | ||
| 100 | 1 |
_aOtero, María Paz, _d1995- _eaut _9239827 |
|
| 245 | 1 | 4 |
_aLos atormentados / _cMaría Paz Otero. |
| 264 | 1 |
_aMadrid : _bEdiciones Rialp, _c[2024]. |
|
| 264 | 4 | _c©2024 | |
| 300 |
_a80 páginas ; _c17 cm. |
||
| 336 |
_aTexto _2rdacontent |
||
| 337 |
_asin mediación _2rdamedia |
||
| 338 |
_avolumen _2rdacarrier |
||
| 490 | 1 |
_aAdonáis ; _v692 |
|
| 586 | _aPremio Adonáis, 2023 | ||
| 655 | 7 |
_aPoesías _2tgfbne _9176539 |
|
| 852 |
_aES-MaACL _bR.155111 _cDEPO2 _jJ-23-692 _xEncuadernación rústica _9206238 _hDonación: Editorial |
||
| 942 |
_n0 _cMONOGRAFIA |
||
| 999 |
_c197030 _d197030 |
||